000
00302nam a22001217a 4500
008
181102b xxu||||| |||| 00| 0 eng d
041
_a
eng
080
_a
316
100
_a
50
101
_a
SOC
245
_a
Mediation And Conflict In Social Work And Human Services
_c
Kruk.E
942
_2
udc
_c
BK
999
_c
51694
_d
51694